Great ideas in computer science : a gentle introduction /

Guardado en:
Autor Principal: Biermann, Alan W., 1939-
Formato: Libro
Idioma:English
Publicado: Cambridge, Mass. : MIT Press, c1997.
Edición:2nd ed.
Materias:
Etiquetas: Agregar Etiqueta
Sin Etiquetas, Sea el primero en etiquetar este registro!
LEADER 00806nam a22002415a 4500
001 DCC.dcic000072
008 960904s1997####mauab####b####001#0#eng##
005 20151123115039.0
245 1 0 |a Great ideas in computer science :  |b a gentle introduction /  |c Alan W. Biermann. 
250 |a 2nd ed. 
260 |a Cambridge, Mass. :  |b MIT Press,  |c c1997. 
300 |a xxiv, 539 p. :  |b ill., map ;  |c 23 cm. 
504 |a Includes bibliographical references (p. [523]-524) and index. 
020 |a 0262522233 (pbk. : alk. paper) 
100 1 |a Biermann, Alan W.,  |d 1939- 
082 0 0 |a 004  |2 20 
650 0 |a Computer science. 
035 |9 (DLC) 96041198 
010 |a  96041198  
040 |a DLC  |c DLC  |d DLC 
050 0 0 |a QA76  |b .B495 1997 
859 |a DCIC  |b BIB. COMPUTACION  |p 0115  |t 1 
859 |a DCIC  |b BIB. COMPUTACION  |p 0116  |t 2